| Tag |
First Indicator |
Second Indicator |
Subfields |
| LEADER |
00000cam a2200000 a 4500 |
| 001 |
in00001462421 |
| 005 |
20151021055947.0 |
| 008 |
971016s1998 enka b 001 0 eng |
| 010 |
|
|
|a 97044753
|
| 020 |
|
|
|a 0198559275 (hardcover)
|
| 035 |
|
|
|a (OCoLC)37903575
|
| 035 |
|
|
|9 AJF5296AM
|
| 040 |
|
|
|a DLC
|c DLC
|d TXA
|d UtOrBLW
|
| 049 |
|
|
|a TXAM
|
| 050 |
0 |
0 |
|a QD945
|b .A754 1998
|
| 082 |
0 |
0 |
|a 548/.83
|2 21
|
| 100 |
1 |
|
|a Aslanov, L. A.
|
| 245 |
1 |
0 |
|a Crystallographic instrumentation /
|c L.A. Aslanov, G.V. Fetisov, and J.A.K. Howard ; edited by J.A.K. Howard.
|
| 264 |
|
1 |
|a [Chester, England] :
|b International Union of Crystallography ;
|a Oxford :
|a New York :
|b Oxford University Press,
|c 1998.
|
| 300 |
|
|
|a xi, 309 pages :
|b illustrations ;
|c 24 cm.
|
| 336 |
|
|
|a text
|b txt
|2 rdacontent
|
| 337 |
|
|
|a unmediated
|b n
|2 rdamedia
|
| 338 |
|
|
|a volume
|b nc
|2 rdacarrier
|
| 490 |
1 |
|
|a International Union of Crystallography monographs on crystallography ;
|v 7
|
| 504 |
|
|
|a Includes bibliographical references and index.
|
| 650 |
|
0 |
|a X-ray crystallography
|x Instruments.
|
| 700 |
1 |
|
|a Fetisov, G. V.
|
| 700 |
1 |
|
|a Howard, J. A. K.
|
| 830 |
|
0 |
|a International Union of Crystallography monographs on crystallography ;
|v 7.
|
| 948 |
|
|
|a c:cer
|
| 999 |
|
|
|a MARS
|
| 999 |
f |
f |
|s 987ae7f9-9ff4-315f-88dc-976aac7651e0
|i 9de16e3d-0763-366e-b375-355967b987f1
|t 0
|
| 952 |
f |
f |
|p ric
|a Texas A&M University
|b Rellis Campus
|c Joint Library Facility
|d Remote Storage
|t 0
|e QD945 .A754 1998
|h Library of Congress classification
|i unmediated -- volume
|m A14824117266
|
| 998 |
f |
f |
|a QD945 .A754 1998
|t 0
|l Remote Storage
|